Социалистическое общество на этапе перестройки. Теоретические вопросы формирования социалистической цивилизации

Dades bibliogràfiques
Autor principal: Кириченко Н. Г. Николай Григорьевич
Sumari:Исключено из фонда НТБ ТПУ
Idioma:rus
Publicat: Киев, Выща школа, 1989
Format: MixedMaterials Llibre
KOHA link:https://koha.lib.tpu.ru/cgi-bin/koha/opac-detail.pl?biblionumber=250664

MARC

LEADER 00000nam0a2200000 4500
001 250664
005 20231031213241.0
010 |a 5110004412 
020 |a RU  |b 89-9549 
035 |a (RuTPU)RU\TPU\book\272882 
090 |a 250664 
100 |a 20140214d1989 m y0rusy5003 ca 
101 0 |a rus 
102 |a UA 
105 |a y z 001zy 
200 1 |a Социалистическое общество на этапе перестройки. Теоретические вопросы формирования социалистической цивилизации  |f Н. Г. Кириченко 
210 |a Киев  |c Выща школа  |c Изд-во КГУ  |d 1989 
215 |a 227,[3] с. 
333 |a Исключено из фонда НТБ ТПУ 
700 1 |a Кириченко  |b Н. Г.  |g Николай Григорьевич 
801 0 |a RU  |b RuMRKP  |c 19950417  |g psbo 
801 1 |a RU  |b 63413507  |c 20140214 
801 2 |a RU  |b 63413507  |c 20220311  |g RCR 
942 |c BK